| Tag |
First Indicator |
Second Indicator |
Subfields |
| LEADER |
00000cam a22000008i 4500 |
| 001 |
in00004580976 |
| 006 |
m o d |
| 007 |
cr ||||||||||| |
| 008 |
190903s2020 flu ob 001 0 eng |
| 005 |
20220613175753.2 |
| 035 |
|
|
|a (FlBoTFG)9780367427986
|
| 040 |
|
|
|a OCoLC-P
|b eng
|e rda
|c OCoLC-P
|
| 020 |
|
|
|a 9780367427986
|q (ebook)
|
| 020 |
|
|
|a 0367427982
|
| 020 |
|
|
|a 9781000763614
|q (electronic bk. : PDF)
|
| 020 |
|
|
|a 1000763617
|q (electronic bk. : PDF)
|
| 020 |
|
|
|a 9781000763737
|q (electronic bk. : EPUB)
|
| 020 |
|
|
|a 1000763730
|q (electronic bk. : EPUB)
|
| 020 |
|
|
|z 9780367427979
|q (hardback ;
|q alk. paper)
|
| 035 |
|
|
|a (OCoLC)1119127798
|
| 035 |
|
|
|a (OCoLC-P)1119127798
|
| 050 |
0 |
0 |
|a RC262
|
| 072 |
|
7 |
|a MED
|x 009000
|2 bisacsh
|
| 072 |
|
7 |
|a MAT
|x 003000
|2 bisacsh
|
| 072 |
|
7 |
|a MQW
|2 bicssc
|
| 082 |
0 |
0 |
|a 616.99/400285
|2 23
|
| 100 |
1 |
|
|a Schiesser, W. E.,
|e author.
|
| 245 |
1 |
0 |
|a Time delay ODE/PDE models :
|b applications in biomedical science and engineering /
|c by William E. Schiesser.
|
| 264 |
|
1 |
|a Boca Raton :
|b CRC Press,
|c [2020]
|
| 300 |
|
|
|a 1 online resource
|
| 336 |
|
|
|a text
|b txt
|2 rdacontent
|
| 337 |
|
|
|a computer
|b c
|2 rdamedia
|
| 338 |
|
|
|a online resource
|b cr
|2 rdacarrier
|
| 505 |
0 |
|
|a Introduction to Delay Ordinary Differential Equations -- Introduction to Delay Partial Differential Equations -- Hepatitis B Virus DPDE Model -- Tumor Induced Angiogenesis -- Metastatic Cancer Cell Invasion of Tissue -- Subcutaneous Injection of Insulin -- Hematopoietic Stem Cells -- Drug Eluting Stents.
|
| 520 |
|
|
|a "The intent of this book is to present a methodology for the formulation and computer implementation of mathematical models based on time delay ordinary differential equations (DODEs) and partial differential equations (DPDEs) in biomedical science and engineering (BMSE)"--
|c Provided by publisher.
|
| 588 |
|
|
|a OCLC-licensed vendor bibliographic record.
|
| 650 |
|
0 |
|a Time delay systems
|x Mathematical models.
|
| 650 |
|
7 |
|a MEDICAL / Biotechnology
|2 bisacsh
|
| 650 |
|
7 |
|a MATHEMATICS / Applied
|2 bisacsh
|
| 655 |
|
7 |
|a Electronic books.
|2 local
|
| 710 |
1 |
|
|a Taylor & Francis.
|
| 730 |
0 |
|
|a MATHnetBASE.
|
| 856 |
4 |
0 |
|u http://proxy.library.tamu.edu/login?url=https://www.taylorfrancis.com/books/9780367427986
|z Connect to the full text of this electronic book
|t 0
|
| 999 |
f |
f |
|s f8608d8d-38a8-49bb-a3d1-f899f1b6926f
|i f8608d8d-38a8-49bb-a3d1-f899f1b6926f
|t 0
|
| 952 |
f |
f |
|a Texas A&M University
|b College Station
|c Electronic Resources
|d Available Online
|t 0
|e RC262
|h Library of Congress classification
|
| 998 |
f |
f |
|a RC262
|t 0
|l Available Online
|